000 00378nam a2200157 a 4500
001 1762680885004
003 ACL
005 20251109150648.0
008 251109s2025##################000#0#eng##
020 _a9788187449300
082 0 4 _a909
_bJAI
100 1 _aMathur, Jain &,
_eauthor.
245 1 0 _aA History Of The Modern World
942 _cENGLISH
040 _aACL
_beng
_cACL
999 _c596814
_d596814